<?xml version="1.0" encoding="UTF-8"?>
<record
    xmlns:xsi="http://www.w3.org/2001/XMLSchema-instance"
    xsi:schemaLocation="http://www.loc.gov/MARC21/slim http://www.loc.gov/standards/marcxml/schema/MARC21slim.xsd"
    xmlns="http://www.loc.gov/MARC21/slim">

  <leader>01170nam a22002417a 4500</leader>
  <controlfield tag="008">141201s    2014mx ||||| |||| 00| 0 spa d</controlfield>
  <datafield tag="020" ind1=" " ind2=" ">
    <subfield code="a">9786076101230</subfield>
  </datafield>
  <datafield tag="050" ind1=" " ind2=" ">
    <subfield code="a">HV9960 B46 2014 </subfield>
  </datafield>
  <datafield tag="100" ind1="1" ind2=" ">
    <subfield code="a">Benavente Chorres, Hesbert</subfield>
    <subfield code="e">autor</subfield>
  </datafield>
  <datafield tag="245" ind1="1" ind2="3">
    <subfield code="a">La defensa en el sistema acusatorio </subfield>
    <subfield code="b">: Instituto Mexicano de Estudios y Consultor&#xED;a en Derecho </subfield>
    <subfield code="c">/ Hesbert Benavente Chorres, Jos&#xE9; Daniel Hidalgo Murillo, Paola Iliana de la Rosa Rodr&#xED;guez, Adr&#xED;an Vega Cornejo </subfield>
  </datafield>
  <datafield tag="260" ind1=" " ind2=" ">
    <subfield code="a">M&#xE9;xico </subfield>
    <subfield code="b">: Flores Editor y Distribuidor</subfield>
    <subfield code="c">, 2014</subfield>
  </datafield>
  <datafield tag="300" ind1="1" ind2=" ">
    <subfield code="a">xvi, 278 p&#xE1;ginas </subfield>
  </datafield>
  <datafield tag="337" ind1=" " ind2=" ">
    <subfield code="a">texto </subfield>
  </datafield>
  <datafield tag="338" ind1=" " ind2=" ">
    <subfield code="a">sin medio </subfield>
  </datafield>
  <datafield tag="339" ind1=" " ind2=" ">
    <subfield code="a">volumen </subfield>
  </datafield>
  <datafield tag="500" ind1=" " ind2=" ">
    <subfield code="a">Incluye bibliograf&#xED;a p. 275

Plan flexible 
Maestr&#xED;a en Juicios Orales / El Amparo en el Sistema Acusatorio / (P07-1) / (07 004851)
Maestr&#xED;a en Juicios Orales / El Amparo en el Sistema Acusatorio / (P07-1) / (22 000807)</subfield>
  </datafield>
  <datafield tag="650" ind1="1" ind2="4">
    <subfield code="a">ADMINISTRACI&#xD3;N DE JUSTICIA PENAL </subfield>
    <subfield code="z">M&#xC9;XICO </subfield>
  </datafield>
  <datafield tag="700" ind1="1" ind2=" ">
    <subfield code="a">Hidalgo Murillo, Jos&#xE9; Daniel, autor</subfield>
  </datafield>
  <datafield tag="700" ind1="1" ind2=" ">
    <subfield code="a">Rosa Rodr&#xED;guez, Paola Iliana de la, autor</subfield>
  </datafield>
  <datafield tag="700" ind1="1" ind2=" ">
    <subfield code="a">Vega Cornejo, Adri&#xE1;n, autor</subfield>
  </datafield>
  <datafield tag="942" ind1=" " ind2=" ">
    <subfield code="c">LB</subfield>
  </datafield>
  <datafield tag="952" ind1=" " ind2=" ">
    <subfield code="0">0</subfield>
    <subfield code="1">0</subfield>
    <subfield code="4">0</subfield>
    <subfield code="7">0</subfield>
    <subfield code="a">07</subfield>
    <subfield code="b">07</subfield>
    <subfield code="d">2014-12-01</subfield>
    <subfield code="l">0</subfield>
    <subfield code="o">HV9960 B46 2014 </subfield>
    <subfield code="p">07 004851</subfield>
    <subfield code="r">2014-12-01</subfield>
    <subfield code="t">1</subfield>
    <subfield code="w">2014-12-01</subfield>
    <subfield code="y">LB</subfield>
  </datafield>
  <datafield tag="952" ind1=" " ind2=" ">
    <subfield code="0">0</subfield>
    <subfield code="1">0</subfield>
    <subfield code="4">0</subfield>
    <subfield code="7">0</subfield>
    <subfield code="a">22</subfield>
    <subfield code="b">22</subfield>
    <subfield code="d">2014-12-05</subfield>
    <subfield code="l">1</subfield>
    <subfield code="o">HV9960 B46 2014 </subfield>
    <subfield code="p">22 000807</subfield>
    <subfield code="r">2017-10-28</subfield>
    <subfield code="s">2017-10-28</subfield>
    <subfield code="t">1</subfield>
    <subfield code="w">2014-12-05</subfield>
    <subfield code="y">LB</subfield>
  </datafield>
  <datafield tag="999" ind1=" " ind2=" ">
    <subfield code="c">95254</subfield>
    <subfield code="d">95254</subfield>
  </datafield>
</record>
